| 000 | 00818nam a2200313Ia 4500 | ||
|---|---|---|---|
| 001 | Z_3300 | ||
| 003 | CHAP | ||
| 008 | 220113s1967 xx 000 0 und d | ||
| 010 | _a166409 | ||
| 040 | _cCHAP | ||
| 082 | _a636.0894 M3 | ||
| 100 |
_aMartínez Báez, Manuel _976372 |
||
| 245 |
_aManual de parasitología médica / _cpor Manuel Martínez Báez |
||
| 260 |
_aMéxico, D. F. : _bEl Manual Moderno, _c1967 |
||
| 300 | _a | ||
| 440 | _a | ||
| 500 | _a | ||
| 503 | _a | ||
| 650 |
_aAnimales domésticos _x _xEnfermedades _9140490 |
||
| 650 |
_aAnimales domésticos _x _xParásitos _9140491 |
||
| 650 |
_aEpizootias _937234 |
||
| 650 |
_aParasitología _x _xEstudio y enseñanza _9140492 |
||
| 901 | _a636.0894 M3 | ||
| 902 | _aA | ||
| 910 | _a1967 | ||
| 942 | _c1 | ||
| 942 | _cc1 | ||
| 999 |
_c166409 _d166409 |
||